[Event "Barcelona Sant Marti op-B 24th"]
[Site "Barcelona"]
[Date "2024.07.20"]
[Round "8"]
[White "Barrado Jimenez, Elias"]
[Black "Jimenez Munoz, Jaume"]
[Result "1/2-1/2"]
[WhiteElo "1700"]
[BlackElo "1793"]
[PlyCount "99"]
[EventDate "2024.07.13"]
[EventType "swiss"]
[EventRounds "9"]
[EventCountry "ESP"]
[SourceTitle "EXT 2025"]
[Source "ChessBase"]
[SourceDate "2024.10.14"]
[SourceVersion "1"]
[SourceVersionDate "2024.10.14"]
[SourceQuality "1"]

1. e4 c5 2. Nf3 d6 3. d4 cxd4 4. Nxd4 Nf6 5. Nc3 a6 6. h3 g6 7. Be3 b5 8. a3 Qc7 9. Qd2 h5 10. Be2 Nbd7 11. Rc1 Bb7 12. Bf3 Ne5 13. 0-0 Nc4 14. Qe1 Bg7 15. Rb1 Rc8 16. Nd5 Nxd5 17. exd5 0-0 18. Qc3 Qd7 19. Qd3 Ne5 20. Qd1 Nxf3+ 21. Nxf3 Rc4 22. Qd3 Qc8 23. c3 Qa8 24. Rbd1 Bc8 25. Rfe1 Bf5 26. Qd2 Re8 27. Bg5 Qb7 28. Re2 Qd7 29. Rde1 e5 30. dxe6 fxe6 31. Nh4 e5 32. Nxf5 Qxf5 33. h4 Bf8 34. Re3 e4 35. Rd1 Rc5 36. f3 Rce5 37. fxe4 Rxe4 38. Rxe4 Qxe4 39. Qd5+ Qxd5 40. Rxd5 Re2 41. Rd2 Rxd2 42. Bxd2 Kf7 43. Kf2 Ke6 44. Kf3 Kf5 45. g3 Bg7 46. Bf4 Be5 47. Bd2 Bf6 48. Bf4 Be5 49. Bd2 Bf6 50. Bf4 1/2-1/2

[Event "Barcelona Sant Marti op-B 24th"]
[Site "Barcelona"]
[Date "2024.07.17"]
[Round "5"]
[White "Barrado Jimenez, Elias"]
[Black "Palacios Pena, Gerardo"]
[Result "1/2-1/2"]
[WhiteElo "1700"]
[BlackElo "1846"]
[PlyCount "81"]
[EventDate "2024.07.13"]
[EventType "swiss"]
[EventRounds "9"]
[EventCountry "ESP"]
[SourceTitle "EXT 2025"]
[Source "ChessBase"]
[SourceDate "2024.10.14"]
[SourceVersion "1"]
[SourceVersionDate "2024.10.14"]
[SourceQuality "1"]

1. e4 d5 2. exd5 Qxd5 3. Nc3 Qd8 4. Bc4 Nf6 5. d3 c6 6. a4 Bg4 7. f3 Bf5 8. Nge2 e6 9. 0-0 Nbd7 10. Ng3 Bg6 11. f4 Nb6 12. Bb3 Bc5+ 13. Kh1 0-0 14. f5 exf5 15. Bg5 Nbd7 16. Nxf5 Qa5 17. Ne3 Bd4 18. Bf4 Bh5 19. Nc4 Qd8 20. Qd2 Nb6 21. Bg5 Nxc4 22. Bxc4 Qa5 23. Qf4 Bxc3 24. bxc3 Nd5 25. Qg3 Rfe8 26. Bxd5 Qxd5 27. Rab1 b6 28. Qh4 Bg6 29. Bd2 Re2 30. Rf2 Rxf2 31. Qxf2 Qa2 32. Rc1 Qxa4 33. c4 Re8 34. Qd4 c5 35. Qc3 h6 36. Ra1 Qd7 37. Re1 Re6 38. Bf4 Qd4 39. Qxd4 Rxe1+ 40. Qg1 Rxg1+ 41. Kxg1 1/2-1/2

[Event "Barcelona Sant Marti op-B 24th"]
[Site "Barcelona"]
[Date "2024.07.16"]
[Round "4"]
[White "Lopez Manzano, Antonio"]
[Black "Barrado Jimenez, Elias"]
[Result "0-1"]
[WhiteElo "1859"]
[BlackElo "1700"]
[PlyCount "80"]
[EventDate "2024.07.13"]
[EventType "swiss"]
[EventRounds "9"]
[EventCountry "ESP"]
[SourceTitle "EXT 2025"]
[Source "ChessBase"]
[SourceDate "2024.10.14"]
[SourceVersion "1"]
[SourceVersionDate "2024.10.14"]
[SourceQuality "1"]

1. d4 d5 2. Bf4 Nf6 3. e3 e6 4. Nf3 Bd6 5. Ne5 0-0 6. Nd2 Nc6 7. c3 Ne7 8. Bd3 Ng6 9. h4 Nd7 10. Ndf3 Bxe5 11. Nxe5 Ndxe5 12. dxe5 f5 13. exf6 Nxf4 14. exf4 Qxf6 15. Qc2 h6 16. g3 e5 17. fxe5 Qxe5+ 18. Kf1 Qxg3 19. Ke1 Qg2 20. Rf1 Bg4 21. Bg6 Bh3 22. Bd3 Rae8+ 23. Kd1 Qg4+ 24. Be2 Qxh4 25. Rh1 Rxf2 26. Qd3 Rfxe2 27. Qxe2 Rxe2 28. Kxe2 Bg4+ 29. Kd3 Bf5+ 30. Ke3 Qe4+ 31. Kf2 Qc2+ 32. Kg3 Qxb2 33. Raf1 Qxc3+ 34. Kf4 Be4 35. Rhg1 g5+ 36. Kg4 Kg7 37. Rg3 h5+ 38. Kh3 g4+ 39. Kh4 Qe5 40. a4 Kg6 0-1

[Event "Barcelona Sant Marti op-B 24th"]
[Site "Barcelona"]
[Date "2024.07.15"]
[Round "3"]
[White "Garcia Quevedo, Jose"]
[Black "Barrado Jimenez, Elias"]
[Result "1-0"]
[WhiteElo "1860"]
[BlackElo "1700"]
[PlyCount "83"]
[EventDate "2024.07.13"]
[EventType "swiss"]
[EventRounds "9"]
[EventCountry "ESP"]
[SourceTitle "EXT 2025"]
[Source "ChessBase"]
[SourceDate "2024.10.14"]
[SourceVersion "1"]
[SourceVersionDate "2024.10.14"]
[SourceQuality "1"]

1. d4 e6 2. c4 f5 3. g3 Nf6 4. Bg2 Bb4+ 5. Bd2 Bxd2+ 6. Nxd2 0-0 7. Nh3 d6 8. 0-0 Nc6 9. e3 Qe8 10. a3 a5 11. Qe2 e5 12. d5 Ne7 13. b4 b6 14. Rfd1 Qh5 15. Qxh5 Nxh5 16. c5 b5 17. Nb3 a4 18. Na5 Nf6 19. Ng5 Ra7 20. Rac1 h6 21. Ne6 Re8 22. cxd6 Nexd5 23. Nxc7 Nxc7 24. dxc7 e4 25. Bf1 Bd7 26. Bxb5 Rxc7 27. Rxc7 Bxb5 28. Rc5 Bd3 29. Rxf5 Rc8 30. Rc5 Rf8 31. Rdc1 Kh7 32. Rc8 Rf7 33. R1c7 Rxc7 34. Rxc7 Nd5 35. Rc5 Nb6 36. Nc6 Nc4 37. b5 Nxa3 38. b6 Ba6 39. Ra5 Bb7 40. Rxa4 Nb5 41. Nd8 Bc8 42. b7 1-0

[Event "Barcelona Sant Marti op-B 24th"]
[Site "Barcelona"]
[Date "2024.07.14"]
[Round "2"]
[White "Barrado Jimenez, Elias"]
[Black "Dominguez Laguna, Didac"]
[Result "1-0"]
[WhiteElo "1700"]
[BlackElo "1824"]
[PlyCount "111"]
[EventDate "2024.07.13"]
[EventType "swiss"]
[EventRounds "9"]
[EventCountry "ESP"]
[SourceTitle "EXT 2025"]
[Source "ChessBase"]
[SourceDate "2024.10.14"]
[SourceVersion "1"]
[SourceVersionDate "2024.10.14"]
[SourceQuality "1"]

1. e4 e6 2. d3 d5 3. Nd2 Nf6 4. g3 dxe4 5. dxe4 e5 6. Bg2 Bc5 7. Ngf3 Nc6 8. 0-0 0-0 9. c3 Bg4 10. Qc2 Qe7 11. b4 Bd6 12. Nc4 Qe6 13. Nxd6 Qxd6 14. a4 Rfd8 15. Bg5 Qd3 16. Ne1 Qc4 17. f3 Be6 18. Rf2 Rd7 19. Bf1 Qb3 20. Nd3 Qxc2 21. Rxc2 Re7 22. Nc5 Bc8 23. Rd1 b6 24. Na6 Bb7 25. Rcd2 h6 26. Bxf6 gxf6 27. Rd7 Rc8 28. Rxe7 Nxe7 29. Rd7 Kf8 30. Bb5 f5 31. exf5 Nxf5 32. Kf2 Nd6 33. Nxc7 Nxb5 34. Nxb5 Bc6 35. Rxf7+ Kxf7 36. Nd6+ Kf6 37. Nxc8 Bxa4 38. Nxa7 Bb3 39. Ke3 Bc4 40. Nc8 b5 41. Nd6 Bf1 42. h4 Ke6 43. Ne4 Kd5 44. g4 Ke6 45. Nd2 Bh3 46. Kf2 e4 47. Nxe4 Kd5 48. Nd2 Ke5 49. Kg3 h5 50. Kxh3 hxg4+ 51. Kxg4 Kf6 52. Ne4+ Kg6 53. Nd6 Kg7 54. Nxb5 Kh6 55. Nd6 Kh7 56. b5 1-0